LEGO Minifigures: Series 11 Quiz Stats

Quiz not verified by Sporcle

Challenge
Share
Tweet
Score 0/16 Timer 03:00
0 Plays Today
% Correct
Holiday Elf
95.9%
Gingerbread Man
94.6%
Scarecrow
94.6%
Constable
89.2%
Yeti
89.2%
Lady Robot
87.8%
Welder
81.1%
Scientist
77%
% Correct
Grandma
74.3%
Mountain Climber
74.3%
Saxophone Player
71.6%
Diner Waitress
70.3%
Evil Mech
67.6%
Barbarian
59.5%
Pretzel Girl
59.5%
Island Warrior
55.4%

You're not logged in!

Compare scores with friends on all Sporcle quizzes.
Sign Up with Email
OR
Log In

You Might Also Like...

Show Comments

Extras

Top Quizzes Today


Score Distribution

Your Account Isn't Verified!

In order to create a playlist on Sporcle, you need to verify the email address you used during registration. Go to your Sporcle Settings to finish the process.